000 00720nam a2200217 i 4500
001 bgj
100 1 _aMORRIS, Richard Brandon
245 1 0 _aThe Framing on the Federal Constitution /
_ctext by Richard B[randon] Morris ; drawings by Leonard Baskin.
260 _aWashington, D.C. :
_bUnited States Department of the Interior,
_c1986.
300 _a111 pp :
_bill. ;
_c21 cm.
490 1 _aNational Park Handbooks ;
_v103
504 _aBibliography p. 111.
651 9 _aUnited States
_xConstitutional history
830 _aNational Park Handbooks ;
020 _a091262700X (pbk)
040 _cBPK
041 _aeng
920 _a0-912627-00-X (pbk)
942 _cKS
008 s uk f |000 0 eng
999 _c41333
_d41333
856 _uhttp://koha.tu.koszalin.pl/cgi-bin/koha/opac-detail.pl?biblionumber=41333
_yKatalog online BPK